| 000 | 00580cam a2200193 4500 | ||
|---|---|---|---|
| 001 | sa 68015893 | ||
| 003 | DLC | ||
| 005 | 20260227112649.0 | ||
| 008 | 700630s1968 ii a s 00000 eng | ||
| 010 | _asa 68015893 //r85 | ||
| 025 | _aPL480:I-E-10421 | ||
| 050 | 0 |
_aHC437.M28 _bA572 |
|
| 082 | _a338.954/3 | ||
| 110 | 1 | 0 |
_aMadhya Pradesh (India). _bDirectorate of Economics and Statistics. |
| 245 | 1 | 0 | _aThird five year plan progress report, 1961-66. |
| 260 | 1 |
_a[Bhopal, _c1968] |
|
| 300 |
_aiii, 411 p. _billus. _c25 cm. |
||
| 651 | 0 |
_aMadhya Pradesh (India) _xEconomic policy. |
|
| 999 |
_c86770 _d86770 |
||